Rozhodujúci intenzifikačný faktor Osevný postup - základ rozvoja rastlinnej výroby (1.)

Bibliographic Details
Main Authors: Piršel, Anton, 1922- (Author), Turčány, Ján, 1917-1998 (Author)
Format: Article
Language:Slovak
Subjects:

MARC

LEADER 00000nab a2200000 a 4500
001 vtls000123696
003 SK-MaSNL
005 20260303235850.0
008 111104c1982 xo 0 slo
015 |a SNBRB19rr/mm-uuuuu 
035 |a CL0133801 
040 |a SNKBUCL  |b slo  |c SNKBUCL  |e AACR2 
041 0 |a slo 
044 |a xo  |c SK 
080 |a 631.5  |2 1981 
080 |a 633  |2 1981 
100 1 |a Piršel, Anton,  |d 1922-  |4 aut  |9 183947 
245 1 0 |a Rozhodujúci intenzifikačný faktor  |b Osevný postup - základ rozvoja rastlinnej výroby (1.)  |c A. Piršel, J. Turčány 
650 0 7 |a rastlinná výroba  |2 snkbucl  |9 2835 
650 0 7 |a agrotechnika  |2 snkbucl  |9 680 
655 7 |a články z novín a časopisov  |2 snkbucl  |9 267496 
700 1 |a Turčány, Ján,  |d 1917-1998  |4 aut  |9 5983 
773 0 |t Roľnícke noviny  |g Roč. 37, č. 216 (11. 9. 1982), s. 3 
850 |a Slovenská národná knižnica v Martine  |a MTA001 
852 |a SNK  |b KIS3GCP 
958 |a RK 
992 |a RBX 
999 |c 2528200  |d 2530130